Uplatňovanie princípov corporate governance a ich plyv na inovačný potenciál a výkonnosť podniku
Vplyv uplatňovania princípov corporate governance na podnikovú výkonnosť meranú ukazovateľmi rentability aktív (ROA) a rentability vlastných zdrojov (ROE) počítanými z čistého zisku v rokoch 2016 a 2017.
Guardado en:
| Autor principal: | |
|---|---|
| Otros Autores: | |
| Formato: | Capítulo de libro |
| Lenguaje: | eslovaco |
| Materias: | |
| Etiquetas: |
Sin Etiquetas, Sea el primero en etiquetar este registro!
|
MARC
| LEADER | 00000naa a2200000 4500 | ||
|---|---|---|---|
| 001 | 0252944 | ||
| 005 | 20221104110203.4 | ||
| 041 | 0 | |a slo | |
| 044 | |a SK | ||
| 245 | 1 | 0 | |a Uplatňovanie princípov corporate governance a ich plyv na inovačný potenciál a výkonnosť podniku |c Janka Grofčíková, Katarína Izáková |
| 520 | |a Vplyv uplatňovania princípov corporate governance na podnikovú výkonnosť meranú ukazovateľmi rentability aktív (ROA) a rentability vlastných zdrojov (ROE) počítanými z čistého zisku v rokoch 2016 a 2017. | ||
| 610 | 2 | 0 | |a správa podniku |
| 610 | 2 | 0 | |a správa spoločnosti |
| 610 | 2 | 0 | |a meranie výkonnosti |
| 610 | 2 | 0 | |a ukazovatele výkonnosti |
| 610 | 2 | 0 | |a rentabilita |
| 610 | 2 | 0 | |a stratégia inovačná |
| 610 | 2 | 0 | |a výkonnosť podniku |
| 100 | 1 | |a Grofčíková, Janka | |
| 700 | 1 | |a Izáková, Katarína | |